[Event "Titled Tue 24th Jun Late"]
[Site "chess.com INT"]
[Date "2025.06.24"]
[Round "5"]
[White "Lortkipanidze, Nodar"]
[Black "Krishnakumar, Sriram"]
[Result "1-0"]
[WhiteTitle "IM"]
[BlackTitle "FM"]
[WhiteElo "2359"]
[BlackElo "2197"]
[WhiteFideId "13604058"]
[BlackFideId "30915856"]
[EventDate "2025.06.24"]

1. e4 e5 2. Nf3 Nc6 3. d4 exd4 4. Nxd4 Nf6 5. Nxc6 bxc6 6. e5 Qe7 7. Qe2 Nd5 8.
g3 g6 9. c4 Ba6 10. b3 Bg7 11. Bb2 O-O 12. Bg2 Rae8 13. O-O Bxe5 14. Qxe5 Qxe5
15. Bxe5 Rxe5 16. cxd5 Bxf1 17. Kxf1 cxd5 18. Nc3 c6 19. Rd1 Rfe8 20. Bf3 h5 21.
Ne2 Kg7 22. Rd4 g5 23. Bxh5 Rh8 24. Bf3 Rxh2 25. Ra4 f5 26. Nd4 Kf6 27. Rxa7 Re7
28. a4 g4 29. Bg2 Rh8 30. Kg1 Re1+ 31. Bf1 Rd1 32. Ne2 Re8 33. Kg2 Re7 34. a5 d4
35. a6 d3 36. Nc3 Rc1 37. Bxd3 Rxc3 38. Ra8 d5 39. Bf1 Rxb3 40. a7 Kg7 41. Rg8+
Kxg8 42. a8=Q+ Kf7 43. Qxc6 Rbb7 44. Qxd5+ Kg6 45. Bd3 Rf7 46. Bxf5+ Kg7 47.
Bxg4 Rbe7 48. Qg5+ Kf8 49. Bh5 Rg7 50. Qf6+ Kg8 51. Bf3 Ref7 52. Bd5 Kf8 53.
Bxf7 Rxf7 54. Qxf7+ 1-0

[Event "Titled Tue 24th Jun Late"]
[Site "chess.com INT"]
[Date "2025.06.24"]
[Round "5"]
[White "Magana Morales, Roberto"]
[Black "Krzywda, Andrzej"]
[Result "1-0"]
[BlackTitle "CM"]
[WhiteElo "1933"]
[BlackElo "2175"]
[WhiteFideId "5114454"]
[BlackFideId "1114565"]
[EventDate "2025.06.24"]

1. Nf3 d5 2. g3 c5 3. Bg2 Nc6 4. O-O e5 5. d3 Be7 6. c4 Nf6 7. cxd5 Nxd5 8. Nc3
Be6 9. Nxd5 Bxd5 10. Nd2 Be6 11. a4 Qd7 12. Nc4 f6 13. a5 O-O 14. f4 exf4 15.
Bxf4 Rac8 16. Qa4 Rfe8 17. Rfd1 Bf8 18. Rac1 Nd4 19. Qxd7 Nxe2+ 20. Kf2 Bxd7 21.
Bd5+ Kh8 22. Bxb7 Nxc1 23. Bxc8 Nxd3+ 24. Rxd3 Bxc8 25. Nd6 Bxd6 26. Rxd6 Bg4
27. Be3 h5 28. Bxc5 Re2+ 29. Kf1 Rxh2 30. Bxa7 Rxb2 31. Bd4 Ra2 32. Bc3 Kh7 33.
Rd2 Ra3 34. Rd3 Be6 35. Kf2 Bc4 36. Re3 Kg6 37. Kf3 Bd5+ 38. Kf4 Kf7 39. Rd3 g5+
40. Ke3 Be6 41. Bd2 Ra4 42. Rd4 Ra2 43. Rb4 Bf5 44. Rb7+ Kg6 45. Rb6 Ra3+ 46.
Kf2 Bd3 47. Bb4 Ra4 48. Be7 Rxa5 49. Bxf6 1-0

[Event "Titled Tue 24th Jun Late"]
[Site "chess.com INT"]
[Date "2025.06.24"]
[Round "5"]
[White "Tikhonov, Viacheslav"]
[Black "Meruga, Shanmukha"]
[Result "1-0"]
[WhiteTitle "CM"]
[WhiteElo "2183"]
[BlackElo "1985"]
[WhiteFideId "44196407"]
[BlackFideId "30908183"]
[EventDate "2025.06.24"]

1. e4 e5 2. Nf3 Nc6 3. Bc4 Bc5 4. O-O d6 5. c3 Nf6 6. d4 Bb6 7. Bg5 h6 8. Bh4
O-O 9. h3 Qe7 10. Re1 Na5 11. Bd3 c5 12. d5 c4 13. Bf1 Bd8 14. Na3 Qe8 15. Nxc4
Nxc4 16. Bxc4 Nd7 17. Bxd8 Qxd8 18. a4 f5 19. exf5 Nb6 20. Bd3 Bxf5 21. a5 Nd7
22. Bxf5 Rxf5 23. Qc2 Qf6 24. Re3 Rf8 25. Rf1 Qf7 26. c4 g5 27. Qe2 Qg6 28. Nd2
Nf6 29. Ne4 Nxe4 30. Rxe4 Rf4 31. f3 h5 32. b3 g4 33. Rxf4 Rxf4 34. fxg4 hxg4
35. Rxf4 exf4 36. Qe6+ Qxe6 37. dxe6 Kf8 38. hxg4 Ke7 39. Kf2 Kxe6 40. Kf3 Ke5
41. g5 Kf5 42. g6 Kxg6 43. Kxf4 Kf6 44. Ke4 Ke6 45. Kd4 b6 46. a6 Kf6 47. Kd5
Ke7 48. g4 Kd7 49. g5 Ke7 50. g6 Kf6 51. Kxd6 b5 52. Kc6 bxc4 53. bxc4 Kxg6 54.
Kb7 Kf6 55. Kxa7 Ke6 56. Kb7 Kd6 57. a7 Kc5 58. a8=Q 1-0

[Event "Titled Tue 24th Jun Late"]
[Site "chess.com INT"]
[Date "2025.06.24"]
[Round "5"]
[White "Bonin, Jay"]
[Black "Shafer, Logan C"]
[Result "0-1"]
[WhiteTitle "IM"]
[BlackTitle "CM"]
[WhiteElo "2102"]
[BlackElo "2217"]
[WhiteFideId "2000644"]
[BlackFideId "30993342"]
[EventDate "2025.06.24"]

1. d4 Nf6 2. c3 d5 3. Bg5 Ne4 4. Bf4 c5 5. f3 Nf6 6. dxc5 Nc6 7. b4 e5 8. Bg3
Nh5 9. e4 Nxg3 10. hxg3 d4 11. Bb5 a5 12. Ne2 axb4 13. cxd4 exd4 14. Qxd4 Bd7
15. Bxc6 Bxc6 16. Qxb4 Qa5 17. Qxa5 Rxa5 18. Nd4 Bd7 19. Nb3 Ra8 20. Nc3 Rc8 21.
Nd5 Bxc5 22. Rc1 Bd6 23. Kf2 O-O 24. e5 Rxc1 25. Rxc1 Bxe5 26. Nc5 Bd4+ 27. Kf1
Bb5+ 28. Ke1 Rd8 29. Nxb7 Re8+ 30. Kd2 h5 31. Rc8 Rxc8 32. Ne7+ Kf8 33. Nxc8 Ba6
34. Nbd6 Bf2 35. g4 hxg4 36. fxg4 Bc5 37. a4 Bxc8 38. Nxc8 Ke8 39. Kc3 Kd7 40.
Kc4 Bg1 41. Kd5 Kxc8 42. Kd6 Kd8 43. g5 Ke8 44. g6 fxg6 45. Ke6 Bf2 46. a5 Bg1
47. a6 Bf2 48. Kd6 Kf7 49. g4 Kf6 0-1

[Event "Titled Tue 24th Jun Late"]
[Site "chess.com INT"]
[Date "2025.06.24"]
[Round "5"]
[White "Injac, Teodora"]
[Black "Klukin, Kirill"]
[Result "0-1"]
[WhiteTitle "IM"]
[BlackTitle "IM"]
[WhiteElo "2457"]
[BlackElo "2401"]
[WhiteFideId "932400"]
[BlackFideId "24199273"]
[EventDate "2025.06.24"]

1. Nf3 c5 2. g3 g6 3. Bg2 Bg7 4. O-O Nc6 5. c4 a6 6. Nc3 Rb8 7. e3 d6 8. h3 Nf6
9. d4 O-O 10. b3 b5 11. Qe2 cxd4 12. exd4 bxc4 13. bxc4 Bd7 14. Be3 Re8 15. Qd2
Qa5 16. Rfc1 Rec8 17. Bh6 Bh8 18. Rab1 Bf5 19. Rxb8 Nxb8 20. g4 Be6 21. Nd5 Qd8
22. Ne3 Bd7 23. d5 Ne4 24. Qc2 Nc5 25. Rb1 a5 26. Qd1 Ba4 27. Qd2 Ne4 28. Qd3
Nc5 29. Qd2 Nbd7 30. Nd4 Ne5 31. f4 Ned3 32. Nc6 Bxc6 33. dxc6 e6 34. Rb7 Bd4
35. Kh2 Bg7 36. Bxg7 Kxg7 37. Rd7 Qf6 38. Nf1 Qxf4+ 39. Qxf4 Nxf4 40. Rxd6 Nxg2
41. Kxg2 Ne4 42. Rd4 Nc3 43. Rd6 Nxa2 44. Nd2 Nb4 45. Rd7 Rxc6 46. Ra7 Rc5 47.
Kg3 Nc6 48. Rc7 a4 49. h4 h6 50. Kf3 a3 51. Ne4 Ne5+ 0-1

[Event "Titled Tue 24th Jun Late"]
[Site "chess.com INT"]
[Date "2025.06.24"]
[Round "5"]
[White "Kukhmazov, Arsen"]
[Black "Volkov, Maksim"]
[Result "0-1"]
[WhiteTitle "IM"]
[BlackTitle "FM"]
[WhiteElo "2442"]
[BlackElo "2333"]
[WhiteFideId "24108260"]
[BlackFideId "54123070"]
[EventDate "2025.06.24"]

1. d4 Nf6 2. c4 e6 3. Nf3 d5 4. g3 dxc4 5. Bg2 c6 6. Ne5 Bb4+ 7. Bd2 Be7 8. e3
b5 9. Nxc6 Nxc6 10. Bxc6+ Bd7 11. Bxa8 Qxa8 12. f3 e5 13. O-O exd4 14. exd4 O-O
15. Ba5 Nd5 16. Re1 Bc6 17. Nd2 Qb7 18. a4 a6 19. axb5 axb5 20. Ne4 b4 21. Qc2
Bb5 22. Nc5 Qc6 23. Qe4 h6 24. Kg2 Bxc5 25. dxc5 Qxc5 26. Rad1 Bc6 27. Ra1 Re8
28. Qxe8+ Bxe8 29. Rxe8+ Kh7 30. Re2 h5 31. h4 f6 32. Bd8 Qd6 33. Ba5 Qa6 34.
Ree1 Qb5 35. Bd8 Qd7 36. Ba5 Qf5 37. Re2 Qd3 38. Rae1 Qd4 39. Rf2 c3 40. bxc3
bxc3 41. Rc1 Ne3+ 42. Kg1 c2 43. Bd2 Nd1 0-1

[Event "Titled Tue 24th Jun Late"]
[Site "chess.com INT"]
[Date "2025.06.24"]
[Round "5"]
[White "Van der Werf, Mark"]
[Black "Sethuraman, Roshan"]
[Result "0-1"]
[WhiteTitle "IM"]
[WhiteElo "2390"]
[BlackElo "2074"]
[WhiteFideId "1000470"]
[BlackFideId "30965250"]
[EventDate "2025.06.24"]

1. Nf3 Nf6 2. c4 e6 3. g3 d5 4. Bg2 dxc4 5. O-O a6 6. a4 Bd6 7. Na3 O-O 8. Nxc4
Be7 9. b3 c5 10. a5 Nc6 11. Nb6 Ra7 12. Bb2 Qc7 13. d4 Nxa5 14. Nxc8 Rxc8 15.
dxc5 Nc6 16. Rc1 Raa8 17. Qc2 Rd8 18. Ng5 h6 19. Bxf6 hxg5 20. Bxc6 Bxf6 21. Be4
Rac8 22. b4 Bd4 23. e3 Bf6 24. Qc4 Rd2 25. Rfd1 Rcd8 26. Rxd2 Rxd2 27. Bc2 Qd7
28. Qe4 g6 29. Qf3 Bb2 30. Rd1 Kg7 31. Kg2 Bc3 32. Rxd2 Qxd2 33. Be4 Bxb4 34.
Bxb7 Bxc5 35. Bxa6 Be7 36. Qe2 Qd5+ 37. Qf3 Qa2 38. Bb7 Bf6 39. h3 Qb2 40. Qe4
Be5 41. Qf3 Qb6 42. Qc6 Qb4 43. Qe4 Qb5 44. Qc6 Qb2 45. Qe4 Bc3 46. Qf3 Be1 47.
Be4 f5 48. Ba8 Kf6 49. g4 Qa2 50. Bb7 Qb2 51. Ba8 Qd2 52. Bb7 f4 53. exf4 gxf4
54. h4 g5 55. hxg5+ Kxg5 56. Bc6 e5 57. Be4 Qb2 58. Bd5 Qd4 59. Be4 Bxf2 60. Bd5
Bg3 61. Be4 Qd2+ 62. Kf1 Qd4 63. Bf5 Qc4+ 64. Qe2 Qc3 65. Kg2 Bh4 66. Be4 Qg3+
67. Kf1 Qh3+ 68. Qg2 Qc3 69. Bf3 Qe1# 0-1

[Event "Titled Tue 24th Jun Late"]
[Site "chess.com INT"]
[Date "2025.06.24"]
[Round "5"]
[White "Jing, Andrew"]
[Black "Mei, Austin"]
[Result "0-1"]
[WhiteTitle "FM"]
[BlackTitle "FM"]
[WhiteElo "2292"]
[BlackElo "2280"]
[WhiteFideId "30984076"]
[BlackFideId "30948479"]
[EventDate "2025.06.24"]

1. Nf3 Nf6 2. c4 g6 3. b3 Bg7 4. Bb2 O-O 5. g3 d6 6. Bg2 e5 7. O-O Re8 8. d3 a5
9. Nbd2 Nbd7 10. a3 c6 11. b4 d5 12. Qb3 e4 13. Ne1 e3 14. fxe3 Rxe3 15. Rf2 Ng4
16. Bxg7 Kxg7 17. Qc3+ Nde5 18. Rf1 d4 19. Qc1 Rxe2 20. Qd1 Re3 21. Ne4 f5 22.
Nc5 Qg5 23. Nc2 Qh6 24. h3 Rxg3 25. Qe1 Qxh3 26. Rf2 Qh2+ 27. Kf1 Nxf2 28. Qxf2
Ng4 29. Qxd4+ Kh6 30. Qf4+ Kh5 31. Ne1 Ne3+ 32. Kf2 Rxg2+ 33. Nxg2 Ng4+ 34. Kf3
Qh3+ 35. Qg3 Qxg3+ 36. Kxg3 b6 37. Na4 axb4 38. Nxb6 Rxa3 39. Rh1+ Kg5 40. Nf4
Bb7 41. Rxh7 Ra1 42. Rxb7 Rg1+ 43. Ng2 Ne3 44. Kf2 Rxg2+ 45. Kf3 f4 46. Nd7 Rg3+
47. Ke4 Nf5 0-1

[Event "Titled Tue 24th Jun Late"]
[Site "chess.com INT"]
[Date "2025.06.24"]
[Round "5"]
[White "Tristan, Leonardo"]
[Black "Graif, William"]
[Result "0-1"]
[WhiteTitle "GM"]
[BlackTitle "FM"]
[WhiteElo "2536"]
[BlackElo "2211"]
[WhiteFideId "113816"]
[BlackFideId "2609835"]
[EventDate "2025.06.24"]

1. d4 Nf6 2. Nf3 e6 3. Bf4 Ne4 4. Nbd2 d5 5. e3 g5 6. Be5 f6 7. Nxe4 dxe4 8.
Nxg5 fxe5 9. Qh5+ Kd7 10. dxe5 Kc6 11. Rd1 Qe7 12. Qg4 Kb6 13. a3 Rg8 14. h4 h6
15. Qxe4 hxg5 16. hxg5 a6 17. Rh7 Qxg5 18. b4 Nc6 19. Qc4 Qxe5 20. Rf7 Ka7 21.
c3 Bd6 22. a4 Rf8 23. Rxf8 Bxf8 24. b5 Na5 25. Qg4 b6 26. Rd3 Bb7 27. Be2 Bd6
28. f4 Qc5 29. Bf3 Bxf3 30. Qxf3 axb5 31. axb5 Qxb5 32. Qe4 Qb1+ 33. Ke2 Qa2+
34. Kf3 Qc4 35. Rd4 Qxc3 36. Qxe6 Qc5 37. g4 Rf8 38. Rd5 Qc6 39. Qe4 Nc4 40. Ke2
Kb7 41. g5 Re8 42. Qd4 Rxe3+ 43. Kf2 Bc5 44. Rxc5 Qxc5 45. Qxc5 bxc5 46. g6 Re6
47. f5 Rf6 48. Kg3 Rxf5 49. Kg4 Rf8 50. Kg5 Nd6 51. g7 Rg8 52. Kf6 c4 53. Ke6
Rxg7 0-1

[Event "Titled Tue 24th Jun Late"]
[Site "chess.com INT"]
[Date "2025.06.24"]
[Round "5"]
[White "Ratkovic, Miloje"]
[Black "Zhu, Linxi"]
[Result "1-0"]
[WhiteTitle "GM"]
[BlackTitle "FM"]
[WhiteElo "2489"]
[BlackElo "2312"]
[WhiteFideId "914517"]
[BlackFideId "39900428"]
[EventDate "2025.06.24"]

1. d4 Nf6 2. Nf3 g6 3. Nc3 d5 4. Bf4 Bg7 5. e3 O-O 6. Be2 a6 7. Ne5 Nbd7 8. h4
h5 9. f3 c5 10. g4 cxd4 11. exd4 hxg4 12. fxg4 Ne4 13. Nxe4 dxe4 14. Nxd7 Qxd7
15. c3 e5 16. dxe5 Qe6 17. Qb3 Qxb3 18. axb3 Re8 19. O-O-O Be6 20. c4 b5 21. h5
bxc4 22. h6 Bf8 23. bxc4 Rec8 24. Bg5 Kh7 25. Kb1 Ra7 26. Rhf1 Be7 27. Bxe7 Rxe7
28. g5 Bxc4 29. Bxc4 Rxc4 30. e6 Rcc7 31. Rc1 Rxc1+ 32. Kxc1 fxe6 33. Kd2 Rd7+
34. Ke3 Rd5 35. Rg1 Rb5 36. Kxe4 Rxb2 37. Rc1 Rb5 38. Rc7+ Kh8 39. Kf4 Rf5+ 40.
Kg4 a5 41. Rg7 Re5 42. Rxg6 Re4+ 43. Kh5 Re1 44. Rf6 Rh1+ 45. Kg6 Kg8 46. Rxe6
Kf8 47. Ra6 Ke7 48. Rxa5 Ke6 49. h7 Rg1 50. Ra8 1-0

[Event "Titled Tue 24th Jun Late"]
[Site "chess.com INT"]
[Date "2025.06.24"]
[Round "5"]
[White "Yanev, Tihomir"]
[Black "Venskaya, Nika"]
[Result "1-0"]
[WhiteTitle "IM"]
[BlackTitle "WCM"]
[WhiteElo "2354"]
[BlackElo "1926"]
[WhiteFideId "2910110"]
[BlackFideId "13523503"]
[EventDate "2025.06.24"]

1. d4 Nf6 2. Nf3 g6 3. Bf4 Bg7 4. e3 O-O 5. h3 d6 6. Be2 Nbd7 7. O-O c6 8. c4
Re8 9. Nc3 e5 10. Bh2 Qe7 11. Qc2 Nh5 12. dxe5 dxe5 13. Nd2 Nhf6 14. a3 b6 15.
b4 Bb7 16. Rab1 c5 17. Rfd1 Rac8 18. Nde4 cxb4 19. axb4 Nxe4 20. Nxe4 Rc6 21.
Qa4 a6 22. b5 axb5 23. Rxb5 Nc5 24. Nxc5 bxc5 25. Rdb1 Bc8 26. Bg3 Ra6 27. Qb3
Bf5 28. Bd3 Bxd3 29. Qxd3 Rd8 30. Qe4 f5 31. Rb7 Qd6 32. Rxg7+ Kxg7 33. Bxe5+
Kg8 34. Qf4 Qe6 35. Rb7 Rd7 36. Rb8+ Kf7 37. Rh8 Ke7 38. Qg5+ Kf7 39. Rxh7+ Ke8
40. Rh8+ Kf7 41. Rh7+ Ke8 42. Rh8+ Kf7 43. Qf4 Rd1+ 44. Kh2 g5 45. Qg3 f4 46.
exf4 gxf4 47. Qg7# 1-0

[Event "Titled Tue 24th Jun Late"]
[Site "chess.com INT"]
[Date "2025.06.24"]
[Round "5"]
[White "Alvarez, Leandro"]
[Black "Mata Gonzalez, Jose Fernando"]
[Result "1-0"]
[BlackTitle "CM"]
[WhiteElo "2143"]
[BlackElo "2164"]
[WhiteFideId "132756"]
[BlackFideId "5107423"]
[EventDate "2025.06.24"]

1. e4 c5 2. d4 cxd4 3. c3 d3 4. Bxd3 e5 5. Ne2 Nc6 6. O-O Bc5 7. b4 Bb6 8. a3 d6
9. Bb2 Nge7 10. c4 O-O 11. Nbc3 Nd4 12. Nxd4 Bxd4 13. Qe2 f5 14. exf5 Bxf5 15.
Ne4 Bxb2 16. Qxb2 Ng6 17. Rad1 Nf4 18. Bb1 Qh4 19. Nxd6 Bxb1 20. Rxb1 Qg4 21. f3
Qg5 22. Ne4 Qf5 23. c5 Rad8 24. Rfd1 h5 25. Rxd8 Rxd8 26. Qb3+ Kh8 27. Nd6 Qg6
28. Qb2 b6 29. Rd1 bxc5 30. bxc5 Kh7 31. Qb1 Rd7 32. Qxg6+ Kxg6 33. Kf2 Rc7 34.
Ne4 Ne6 35. Rd6 Kf7 36. Ra6 Nd4 37. h4 Nf5 38. g3 Nd4 39. a4 g6 40. Ng5+ Kg7 41.
Ne6+ Nxe6 42. Rxe6 Rxc5 43. Re7+ Kf6 44. Rxa7 Rc2+ 45. Ke3 Rc3+ 46. Ke2 Ra3 47.
Ra6+ Kg7 48. a5 Ra4 49. Ra8 e4 50. f4 Ra3 51. a6 Rxg3 52. a7 Ra3 53. Kf2 Kf7 54.
Ke2 Kg7 55. Kd2 Kf7 56. Rh8 Kf6 57. a8=Q Rxa8 58. Rxa8 Kf5 59. Ke3 Kg4 60. Ra6
Kxh4 61. Rxg6 Kh3 62. Kxe4 h4 63. f5 Kh2 64. f6 h3 65. f7 Kh1 66. Rh6 h2 67.
f8=Q Kg2 68. Rg6+ Kh1 69. Qf1# 1-0

[Event "Titled Tue 24th Jun Late"]
[Site "chess.com INT"]
[Date "2025.06.24"]
[Round "5"]
[White "Kourousis, Epameinondas"]
[Black "Watanabe, Akira"]
[Result "1-0"]
[WhiteTitle "IM"]
[BlackTitle "FM"]
[WhiteElo "2342"]
[BlackElo "2284"]
[WhiteFideId "4211626"]
[BlackFideId "7000227"]
[EventDate "2025.06.24"]

1. Nf3 Nf6 2. c4 g6 3. b3 Bg7 4. Bb2 d6 5. d4 O-O 6. g3 b6 7. Bg2 Bb7 8. O-O
Nbd7 9. d5 c5 10. Nfd2 Nh5 11. Bxg7 Nxg7 12. Nc3 a6 13. a4 Nf5 14. Nf3 Qc7 15.
e4 Ng7 16. Qd2 f6 17. Qh6 Ne5 18. Ne1 Bc8 19. Qd2 Bd7 20. f4 Nf7 21. Nd3 f5 22.
Rae1 Rae8 23. e5 dxe5 24. fxe5 e6 25. dxe6 Bxe6 26. Nd5 Bxd5 27. Bxd5 Ne6 28.
Nf4 Nfd8 29. h4 Kg7 30. Kh2 Nxf4 31. gxf4 Ne6 32. Bxe6 Rxe6 33. Rd1 Re7 34. Qd6
Rff7 35. Qxc7 Rxc7 36. Rd6 Rb7 37. Rfd1 Rfe7 38. Rc6 b5 39. cxb5 axb5 40. a5 c4
41. a6 Ra7 42. bxc4 bxc4 43. Rc1 Rec7 44. R1xc4 Rd7 45. Rd6 Rxd6 46. exd6 Rxa6
47. Rc7+ 1-0

[Event "Titled Tue 24th Jun Late"]
[Site "chess.com INT"]
[Date "2025.06.24"]
[Round "5"]
[White "Vlassov, Nikolai"]
[Black "Ragger, Markus"]
[Result "0-1"]
[WhiteTitle "IM"]
[BlackTitle "GM"]
[WhiteElo "2291"]
[BlackElo "2566"]
[WhiteFideId "4103360"]
[BlackFideId "1610856"]
[EventDate "2025.06.24"]

1. e4 e5 2. Bc4 Nf6 3. d3 Nc6 4. Nf3 d5 5. exd5 Nxd5 6. O-O Nb6 7. Bb5 Bd6 8.
Re1 f6 9. Nc3 O-O 10. Bxc6 bxc6 11. h3 Bb7 12. d4 exd4 13. Nxd4 Qd7 14. Qh5 Rae8
15. Rxe8 Qxe8 16. Qxe8 Rxe8 17. Be3 Nc4 18. Nf5 Be5 19. Na4 g6 20. Nd4 Nxe3 21.
fxe3 Bg3 22. Ne2 Bd6 23. Kf2 c5 24. Rd1 Kf7 25. Nf4 Re4 26. b3 c4 27. Nc3 Re5
28. bxc4 Ra5 29. Rb1 Bc6 30. Nd3 Rf5+ 31. Kg1 Rg5 32. e4 Ra5 33. Rb3 h5 34. Kf2
h4 35. c5 Bxc5+ 36. Nxc5 Rxc5 37. Ke3 Rg5 38. Kf2 Rg3 39. Nd5 Rxb3 40. axb3 f5
41. Nxc7 Bxe4 42. c4 Bc2 43. b4 Bd3 44. c5 Ke7 45. Ke3 Bf1 46. Kf2 Bc4 47. Ke3
Kd7 48. Na8 Kc6 0-1

[Event "Titled Tue 24th Jun Late"]
[Site "chess.com INT"]
[Date "2025.06.24"]
[Round "5"]
[White "Rojas Alarcon, Julian Antonio"]
[Black "Volodin, Alexandr E."]
[Result "1-0"]
[WhiteTitle "FM"]
[BlackTitle "FM"]
[WhiteElo "2365"]
[BlackElo "2344"]
[WhiteFideId "5107407"]
[BlackFideId "34268871"]
[EventDate "2025.06.24"]

1. c4 Nf6 2. g3 e6 3. Nf3 d5 4. d4 c6 5. Bg2 Be7 6. O-O O-O 7. Qc2 b6 8. b3 Bb7
9. a4 Nbd7 10. a5 Rc8 11. Qa2 c5 12. cxd5 Nxd5 13. Bd2 cxd4 14. Nxd4 Bf6 15. e3
Bxd4 16. exd4 N7f6 17. Qb2 Qd7 18. axb6 axb6 19. Na3 Rfd8 20. Nc4 Qb5 21. Rfc1
Ba8 22. Ra7 Nb4 23. Nd6 Rxc1+ 24. Qxc1 Qd3 25. Rxa8 Rxa8 26. Bxa8 h5 27. Bxb4
Qxd4 28. Qd2 Qa1+ 29. Kg2 Qxa8+ 30. f3 Nd5 31. Ne4 Qc6 32. Ba3 h4 33. gxh4 Qc7
34. Bd6 Qd7 35. Bg3 f6 36. Nc3 Nxc3 37. Qxc3 Qd5 38. Qc4 Qd2+ 39. Bf2 Qd6 40.
Qd4 Qc6 41. Qxb6 Qd5 42. b4 e5 43. Qc5 Qd3 44. Qc6 Qg6+ 45. Kf1 Qd3+ 46. Ke1
Qb1+ 47. Ke2 Qb2+ 48. Kf1 Qb1+ 49. Ke2 Qb2+ 50. Ke3 Qb3+ 51. Ke4 Qxb4+ 52. Kf5
Qf4+ 53. Ke6 Qxf3 54. Qxf3 1-0

[Event "Titled Tue 24th Jun Late"]
[Site "chess.com INT"]
[Date "2025.06.24"]
[Round "5"]
[White "Duarte Cramer, Lily Jeanette"]
[Black "Foldes, Marton Gabor"]
[Result "0-1"]
[WhiteTitle "WCM"]
[BlackTitle "FM"]
[WhiteElo "1828"]
[BlackElo "2295"]
[WhiteFideId "29620180"]
[BlackFideId "794708"]
[EventDate "2025.06.24"]

1. d4 d5 2. c4 dxc4 3. e3 a6 4. Bxc4 e6 5. Nc3 Nf6 6. Nge2 b5 7. Bb3 Bb7 8. O-O
Nbd7 9. Ng3 h5 10. f3 h4 11. Nge4 b4 12. Nxf6+ Qxf6 13. Ne4 Qg6 14. Qc2 Bd5 15.
Bd2 Rc8 16. Rac1 f5 17. Bxd5 exd5 18. Nf2 Bd6 19. Nh3 O-O 20. Qb3 c6 21. Qa4 Nb6
22. Qxa6 Nc4 23. Rxc4 dxc4 24. Qxc4+ Qf7 25. Rc1 Qxc4 26. Rxc4 c5 27. dxc5 Rxc5
28. Rxc5 Bxc5 29. Kf2 Ra8 30. Ng5 Rxa2 31. Bc1 Ra1 32. Bd2 Rb1 33. Ne6 Rxb2 34.
Ke2 Bd6 35. Nd4 g6 36. h3 Be5 37. Kd3 Bxd4 38. exd4 Kf7 39. d5 Ke7 40. Bg5+ Kd6
41. Bxh4 Kxd5 42. Bf6 Rxg2 43. f4 Rg3+ 44. Kc2 Kc4 45. Kb2 Rg2+ 0-1

[Event "Titled Tue 24th Jun Late"]
[Site "chess.com INT"]
[Date "2025.06.24"]
[Round "5"]
[White "Brozynski, Patryk"]
[Black "Winkels, Marcel"]
[Result "1-0"]
[WhiteTitle "CM"]
[BlackTitle "CM"]
[WhiteElo "2192"]
[BlackElo "1905"]
[WhiteFideId "2512700"]
[BlackFideId "1003887"]
[EventDate "2025.06.24"]

1. Nf3 d5 2. d4 Nf6 3. e3 g6 4. c4 c6 5. Nc3 Bg7 6. Be2 O-O 7. O-O Bg4 8. h3
Bxf3 9. Bxf3 dxc4 10. a4 Na6 11. Qe2 c5 12. Bxb7 cxd4 13. exd4 Qc7 14. Bxa6 Rab8
15. Qxc4 Qd6 16. Be3 Rxb2 17. Rab1 Rfb8 18. Rxb2 Rxb2 19. Qc8+ Bf8 20. Bh6 e6
21. Nb5 Qb4 22. Bxf8 Qxf8 23. Qxf8+ Kxf8 24. Nxa7 Ra2 25. Bb5 Nd5 26. Nc6 Nc3
27. Rc1 Nxa4 28. Bxa4 Rxa4 29. Ne5 Rxd4 30. Rc8+ Kg7 31. Rc7 Rf4 32. g3 Rf5 33.
Ng4 h5 34. Ne3 Rf6 35. Kg2 g5 36. Nc4 Kg6 37. Nd6 h4 38. Rc8 e5 39. Ne4 Ra6 40.
Rg8+ Kh7 41. Rxg5 f6 42. Rh5+ Kg6 43. Rxh4 f5 44. Nc5 Ra2 45. Nd3 e4 46. Nf4+
Kf6 47. Rh6+ Ke7 48. Re6+ Kd7 49. Rf6 e3 50. Rxf5 Rxf2+ 51. Kg1 Rf3 52. Rg5 Rf2
53. h4 Rb2 54. h5 Rb1+ 55. Kg2 Rb2+ 56. Kg1 Rb1+ 57. Kg2 Rb2+ 58. Kf3 Rb3 59. h6 1-0

[Event "Titled Tue 24th Jun Late"]
[Site "chess.com INT"]
[Date "2025.06.24"]
[Round "5"]
[White "Zlatin, Alexander"]
[Black "Shapiro, Daniel"]
[Result "0-1"]
[WhiteTitle "FM"]
[BlackTitle "FM"]
[WhiteElo "2313"]
[BlackElo "2284"]
[WhiteFideId "2810549"]
[BlackFideId "2001780"]
[EventDate "2025.06.24"]

1. e4 c5 2. c3 d5 3. exd5 Qxd5 4. d4 Nf6 5. Nf3 Nc6 6. Nbd2 cxd4 7. Bc4 Qd6 8.
Qb3 e6 9. O-O Be7 10. Bb5 dxc3 11. Nc4 Qc7 12. bxc3 O-O 13. Bg5 Bd7 14. Bh4 Nh5
15. Rad1 Bxh4 16. Nxh4 Rad8 17. Ne3 Nf4 18. Qa4 a6 19. Bxc6 Bxc6 20. Qb4 Nd5 21.
Nxd5 Bxd5 22. a4 Qc6 23. f4 Rc8 24. Rd3 Bc4 25. Rd6 Qc5+ 26. Qxc5 Rxc5 27. Rb1
Bd5 28. Rc1 Rfc8 29. Kf2 Kf8 30. Nf3 Rxc3 31. Rxc3 Rxc3 32. Rd8+ Ke7 33. Rg8 g6
34. Rh8 h6 35. Rh7 Bxf3 36. gxf3 Rc4 37. Rxh6 Rxf4 38. a5 Ra4 39. Rh8 Rxa5 40.
Rb8 Rb5 41. Ke3 a5 42. Kd4 a4 43. Kc4 Rb3 44. f4 b5+ 45. Kc5 a3 46. Rb7+ Kf6 47.
Kd4 b4 48. Ke4 Rb2 49. h4 a2 50. f5 gxf5+ 51. Kf4 b3 52. h5 a1=Q 53. h6 Qf1+ 54.
Ke3 Qf2+ 55. Kd3 Qd2+ 56. Kc4 Rc2+ 57. Kb5 Qd3+ 58. Kb6 Qd6+ 59. Ka7 Rc6 60. h7
Ra6# 0-1

[Event "Titled Tue 24th Jun Late"]
[Site "chess.com INT"]
[Date "2025.06.24"]
[Round "5"]
[White "Drygalov, Sergey"]
[Black "Vakhidov, Jakhongir"]
[Result "1-0"]
[WhiteTitle "GM"]
[BlackTitle "GM"]
[WhiteElo "2560"]
[BlackElo "2539"]
[WhiteFideId "24171743"]
[BlackFideId "14201801"]
[EventDate "2025.06.24"]

1. d4 Nf6 2. c4 e6 3. Nf3 d5 4. Nc3 Bb4 5. Qa4+ Nc6 6. e3 O-O 7. Qc2 Ne7 8. a3
Bxc3+ 9. Qxc3 b6 10. Be2 Bb7 11. b3 c5 12. dxc5 Ne4 13. Qc2 dxc4 14. Bxc4 Nxc5
15. O-O Be4 16. Qc3 Bxf3 17. gxf3 Nd5 18. Qe5 Qf6 19. Qxf6 Nxf6 20. Bb2 b5 21.
Bxb5 Rab8 22. Be2 Nxb3 23. Rad1 Nd5 24. f4 Rfd8 25. Bf3 f6 26. f5 Nc7 27. fxe6
Nxe6 28. Bd5 Kf7 29. f4 Nc5 30. Bc3 f5 31. Be5 Rbc8 32. Rf2 Ke7 33. Rfd2 g6 34.
Kf2 Rd7 35. Bf3 Rxd2+ 36. Rxd2 Rd8 37. Ke2 Rxd2+ 38. Kxd2 Kd7 39. Kc3 Nc7 40.
Kc4 Na4 41. Kb4 Nb6 42. Bd4 Na6+ 43. Ka5 Nb8 44. Bxb6 axb6+ 45. Kxb6 Kd6 46. a4
Nd7+ 47. Kb5 Kc7 48. a5 Kb8 49. Bc6 Nf6 50. Kb6 1-0

[Event "Titled Tue 24th Jun Late"]
[Site "chess.com INT"]
[Date "2025.06.24"]
[Round "5"]
[White "Mecit, Emre"]
[Black "Vazelakis, Dimitrios"]
[Result "1-0"]
[WhiteElo "2007"]
[BlackElo "1857"]
[WhiteFideId "6304214"]
[BlackFideId "4203674"]
[EventDate "2025.06.24"]

1. e4 Nf6 2. e5 Nd5 3. d4 d6 4. Nf3 dxe5 5. Nxe5 g6 6. Bc4 c6 7. O-O Bg7 8. Bb3
O-O 9. c4 Nb6 10. Nc3 Be6 11. Bf4 N8d7 12. Nxd7 Bxd7 13. d5 cxd5 14. cxd5 Rc8
15. Re1 Nc4 16. Qe2 Nxb2 17. Rac1 Bxc3 18. Rxc3 Rxc3 19. Qxb2 Rc8 20. Bg5 Re8
21. h3 Qc7 22. Qe2 e6 23. Qf3 exd5 24. Rxe8+ Rxe8 25. g3 Be6 26. Bf6 Qc1+ 27.
Kg2 Qh6 28. Bd4 f5 29. Bb2 Kf7 30. Bxd5 Qd2 31. Bxe6+ Kxe6 32. Qxb7 Qd5+ 33.
Qxd5+ Kxd5 34. Kf3 Rb8 35. Bf6 Rb5 36. Be7 Ra5 37. a3 Ra4 38. g4 fxg4+ 39. hxg4
Kc4 40. Kg3 Kb3 41. f4 Kc3 42. Bd6 Kd3 43. f5 gxf5 44. gxf5 Ra6 45. Bc5 Ke4 46.
Kg4 h5+ 47. Kg5 h4 48. f6 1-0